| 000 | 01316nam a2200301 4500 | ||
|---|---|---|---|
| 003 | EC-UNACH | ||
| 005 | 20241014163222.0 | ||
| 006 | s||||gr|||| 00| 00 | ||
| 008 | 150116t9999 mx r gr 000 0 spa d | ||
| 020 | _a978-9942-34-097-9 | ||
| 040 |
_aEC-UNACH _cEC-UNACH |
||
| 041 | _aEspañol | ||
| 082 | 0 | 4 |
_223 _a808.802.3 _bL017674 |
| 100 | _aAlomoto, Geovanny | ||
| 245 | _aSunco geografías sagradas | ||
| 250 | _aPrimera Edición | ||
| 264 |
_aQuito - Ecuador _bEditorial Casa de la Cultura Ecuatoriana _c2023 |
||
| 300 |
_a109 páginas _bFotos, _c19 x 12 centímetros |
||
| 501 | _aIncluye índice | ||
| 505 | _aLos territorios del Qui -- Los territorios del Qui amazónico -- Los petroglifos y el conocimiento -- La amarun en la memoria quijos -- El territorio despojado -- La fiesta quijos -- El Rucucuna Rimai -- La Guaisa Upina -- Territorio y temporalidad -- Estéticas rituales -- El cuerpo quijos -- Territorio y temporalidad -- Cuerpos mutantes -- La música quijos -- La vida ceremonial y ritual de los quijos -- Niveles de conocimiento -- El pajuyuk -- Epílogo. | ||
| 650 | _aRITUALIDAD | ||
| 650 | _aSACRALIDAD | ||
| 650 | _aESPACIOS SACROS | ||
| 942 |
_2ddc _c1 |
||
| 999 | _c13462 | ||